Problémy, portréty, retrospektívy

Saved in:
Bibliographic Details
Main Author Hrušovský, Igor, 1907-1978 (Author)
Format Book
LanguageCzech
Published Bratislava : SAV, 1965
Edition1. vyd.
Subjects
Physical Description209 s.

Cover

LEADER 00000cam a22000007a 4500
001 12913
003 CZ-ZlUTB
005 20190825232936.0
008 950218s1965 xr |||||r|||||||||||cze|d
040 |a ZLD002  |b cze  |c ZLD002  |d ZLD002 
072 7 |a 101  |x Filozofie  |2 Konspekt  |9 5 
100 1 |a Hrušovský, Igor,  |d 1907-1978  |7 jn20000603048  |4 aut 
245 1 0 |a Problémy, portréty, retrospektívy 
250 |a 1. vyd. 
260 |a Bratislava :  |b SAV,  |c 1965 
300 |a 209 s. 
650 0 4 |a Filozofie 
650 0 4 |a problémy 
910 |a ZLD002 
952 |0 0  |1 0  |4 0  |6 1HRUŠOVSKÝI  |7 0  |8 BOOK  |9 22252  |a UTBZL  |b UTBZL  |c 030  |d 2006-07-29  |i 40365  |l 0  |o 1/HRUŠOVSKÝ,I.  |p 420010002999  |r 2019-08-25 00:00:00  |w 2019-08-25  |x 20100831  |y 05 
992 |a BK  |b SK 
999 |c 12913  |d 12913